| 000 | 00365nam a22001457a 4500 | ||
|---|---|---|---|
| 082 |
_a894.812.3 _bARU/A |
||
| 100 | _aARUN, GAYATHRI | ||
| 245 | _aACHAPPAM KATHAKAL | ||
| 246 |
_aACHAPPAM KATHAKAL _bACHAPPAM KATHAKAL |
||
| 260 |
_aWAYANAD _bNIYATHAM BOOKS _c2021 |
||
| 300 | _a82 | ||
| 520 | _a MALAYALAM SHORT STORY | ||
| 650 | _aMALAYALAM SHORT STORY | ||
| 942 | _cBK | ||
| 999 |
_c7102 _d7102 |
||